000 00491nam a2200133Ia 4500
008 170419s9999 xx 000 0 und d
100 _aShen, Qiuhua.
245 4 _aThe initiative to move toward a more highly educated nursing workforce: findings from the Kansas registered nurse workforce survey
245 _cQiuhua Shen, Jill Peltzer, Cynthia Teel, and Janet Pierce.
260 _bElsevier
260 _c2015
300 _aDecember 2015
440 _aJournal of Profesional Nursing
_v31:6
999 _c329490
_d329490